000 00531nam a2200181Ia 4500
008 090630s9999 xx 000 0 und d
082 _b17728
100 _aइनामदार ना. स.
245 _aराऊ.
_cइनामदार ना. स.
260 _bकॉन्टीनेंटल.
300 _a0
600 _aइनामदार ना. स.
630 _aराऊ.
655 _aकादंबरी.
700 _aइनामदार ना. स.
730 _aराऊ.
942 _cBOOK
999 _c269584
_d269584